MDQL
is popping MORE tags! Check the
thread
!
Quizzes
Events
Quiz Creation
Community
Videos
Private Events
Remove Ads
Sign In
Join for FREE
Feedback
Dark Mode
Quiz Categories
Sports
Geography
Music
Movies
Television
Just For Fun
Miscellaneous
History
Literature
Language
Science
Gaming
Entertainment
Religion
Holiday
For Kids
Quiz Lab
Recent
Popular Today
Quiz Kudos Today
Editor Picks
Curator Picks
Quizzes by...
Day
Popularity
Type
Ratings
Length
Year
Community
Subscriptions
Recent Discussions
Orange Saloon
Badges
Playlists
Quests
Create
Leaderboards
Showdown
Live 5
Trivia Bingo
Activity
Puzzle Library
Sporcle Events
Private Events
Virtual Trivia
Globe League
Become a Host
Pub Owners
SporcleCon
Opinionation
Our Games
Videos
Blog
Mobile Apps
Partnerships
Remove Ads and Go Orange
Feedback
Sports
Athletes
MLB
NBA
NHL
NFL
Soccer
Sports Teams
WWE
NCAA
Football
Premier League
Basketball
Baseball
Hockey
Golf
Tennis
Cricket
Rugby
Auto Racing
Olympics
World Cup
Sports
Athletes
MLB
NBA
NHL
NFL
Soccer
Sports Teams
WWE
NCAA
Football
Premier League
Basketball
Baseball
Hockey
Golf
Tennis
Cricket
Rugby
Auto Racing
Olympics
World Cup
Random Quiz
Search Sporcle
×
Quiz Lab
Quiz Lab
Sports
NFL
Type in answers that appear in a list
Type in answers that appear in a list
Classic
Best Score? Go Orange.
Alma Maters of NFL Pro Bowlers 2011 Stats
Can you name the Alma Maters of the 2011 NFL Pro Bowlers?
By
TheWilsonJ
15m
86 Questions
167 Plays
167 Plays
167 Plays
Comments
Comments
Give Quiz Kudos
Give Quiz Kudos
-
- Ratings
hide this ad
More Info
Forced Order
Answers have to be entered in order
Answers have to be entered in order
Replay
Link that replays current quiz
Next Quiz
Link to next quiz in quiz playlist
You Got
0%
They Got
Avg Score
43%
Avg Friend Score
Upgrade to see
Score Distribution
Jump to the score distribution portion of the page
Score
0/86
Timer
15:00
0
Plays Today
Player
College
% Correct
Peyton Manning
Tennessee
100%
Phillip Rivers
North Carolina State
92.2%
Michael Vick
Virginia Tech
86.8%
Adrian Peterson
Oklahoma
86.8%
Reggie Wayne
Miami
85.6%
Matt Ryan
Boston College
85%
Drew Brees
Purdue
85%
Larry Fitzgerald
Pittsburgh
85%
Ray Lewis
Miami
84.4%
Matt Cassel
USC
83.8%
Jamaal Charles
Texas
83.8%
Calvin Johnson
Georgia Tech
83.2%
Eric Berry
Tennessee
80.2%
Arian Foster
Tennessee
76%
Dwayne Bowe
LSU
76%
Julius Peppers
North Carolina
76%
Wes Welker
Texas Tech
74.3%
Joe Thomas
Wisconsin
71.9%
Chris Johnson
East Carolina
71.3%
Brian Orakpo
Texas
70.7%
Jonathan Vilma
Miami
70.7%
Darrelle Revis
Pittsburgh
67.7%
Devin Hester
Miami
67.7%
Haloti Ngata
Oregon
65.9%
DeMarcus Ware
Troy
64.7%
Tony Gonzalez
California
64.1%
D'Brickashaw Ferguson
Virginia
63.5%
Marcedes Lewis
UCLA
62.9%
Vince Wilfork
Miami
62.3%
Player
College
% Correct
Steven Jackson
Oregon State
62.3%
Terrell Suggs
Arizona State
61.7%
Champ Bailey
Georgia
61.1%
Michael Griffin
Texas
61.1%
Antrel Rolle
Miami
60.5%
Brandon Meriweather
Miami
59.3%
Jerod Mayo
Tennessee
57.5%
Devin McCourty
Rutgers
55.1%
Roddy White
UAB
52.7%
DeAngelo Hall
Virginia Tech
52.7%
Jon Beason
Miami
52.1%
Jason Witten
Tennessee
50.3%
Ryan Kalil
USC
47.3%
Michael Turner
Northern Illinois
45.5%
Justin Tuck
Notre Dame
41.9%
Alex Mack
California
38.3%
Brandon Lloyd
Illinois
35.3%
Miles Austin
Monmouth
34.1%
Antoine Winfield
Ohio State
32.9%
Logan Mankins
Fresno State
31.7%
Jordan Gross
Utah
29.9%
Darnell Docket
Florida State
29.9%
Chris Snee
Boston College
28.1%
Zach Miller
Arizona State
26.9%
Justin Smith
Missouri
26.3%
Cameron Wake
Penn State
24%
London Fletcher
John Carroll
21%
Jason Babin
Western Michigan
19.8%
Jeff Saturday
North Carolina
19.2%
Player
College
% Correct
Shane Lechler
Texas A&M
17.4%
Kyle Williams
LSU
16.8%
Andre Gurode
Colorado
16.2%
Matt Light
Purdue
15.6%
John Abraham
South Carolina
15.6%
David Akers
Louisville
15.6%
Jay Ratliff
Auburn
15%
Shaun Phillips
Purdue
13.8%
Adrian Wilson
North Carolina State
13.8%
Robert Mathis
Alabama A&M
13.2%
Zak DeOssie
Brown
13.2%
Jahri Evans
Bloomsburg
12.6%
Randy Starks
Maryland
11.4%
Brent Grimes
Shippensburg
10.8%
Carl Nicks
Nebraska
10.2%
Roman Harper
Alabama
10.2%
Brian Waters
North Texas
9.6%
Vonta Leach
East Carolina
9%
Kris Dielman
Indiana
7.8%
Montell Owens
Maine
7.2%
Ovie Mughelli
Wake Forest
7.2%
Marc Mariani
Montana
6.6%
Billy Cundiff
Drake
6%
Tyson Clabo
Wake Forest
6%
Donald Penn
Utah State
6%
John Denney
BYU
5.4%
Mat McBriar
Hawaii
4.8%
Eric Weems
Bethune-Cookman
3%
Quiz Playlist
Details
Report
Send in Message
Add To Playlist
More Info:
This is the final roster. Alternates are used in place of initial elected players who withdrew.
Classic:
Type in answers that appear in a list
Forced Order:
Answers have to be entered in order
Last Updated: Feb 16, 2017
Quiz Scoreboard
CHALLENGE
Sign Up to Join the Scoreboard
Show All
Scores
Hide
Comments
May contain spoilers
Recently Published
Holiday 10x10 Sorting Gallery
by lukepisani3
Holiday
15m
Two Season TV Shows II
by 123Four
Television
10m
Image Sorting: Flags VI
by Barbecue
Geography
2m
More to Explore
Quiz From the Vault
Featured Blog Post
14 Easter Pick-up Lines to Find Eggs With
hide this ad
You Might Also Like...
Tags
NFL Quiz
AFC
Alma Maters
nfc
Pro Bowl
Today's Top Quizzes in Sports
Browse Sports
hide this ad
Today's Top Quizzes in NFL
Browse NFL
Top Contributed Quizzes in Sports
1
Les meilleurs buteurs des matchs entre le PSG et l’OM
2
Les entraîneurs de l'OM et du PSG au 21e siècle
3
2022 World Cup Stars
4
Players with Multiple 50 Home Run Seasons
5
Les joueurs passés par le PSG et l'OM
6
FIFA Club World Cup Champions
7
Top 10 NHL Goal Scorers of All Time
8
Criteria MLB: Left Handed Sluggers
9
Les joueurs passés par le LOSC et le RC Lens
10
2023 MLB Unique Player Accomplishments
Explore More
Trending Topics
Marvel
Crossword
Harry Potter
NBA
Kpop
Disney
Anime
WWE
Pokémon
Country
Soccer
NFL
The Office
Song
Puzzle
hide this ad
More By:
TheWilsonJ
Quiz
Plays
Rating
Category
Featured
Created
Starting QB's of Super Bowl Champions
312
5.00
Sports
Aug 14, 2011
Philadelphia Eagles NFC Championship Opponents
247
Sports
Aug 9, 2011
Alma Maters of NBA All Stars 2011
207
Sports
Aug 4, 2011
Alma Maters of NFL Pro Bowlers 2011
167
1.50
Sports
Aug 4, 2011
Go to Creator's Profile
Score Distribution
Quiz Creator Spotlight
TheWilsonJ
Follow
Send a Message
Quizzes Created
-
Created Quiz Play Count
-
More By This Creator
Popular Quizzes Today
1
Find the US States - No Outlines Minefield
2
Colored Red Africa Blitz
3
Find the 'City' Movie
4
The Countries of the World
5
Find the US States
6
5x2 Blitz: Bands
7
Find the Countries of Europe - No Outlines Minefield
8
US States
More Sports Quizzes
MLB first player to reach 200 hits , each season
Quiz Lab
Trending Quizzes
Colored Red Europe Blitz I
Colored Red Europe Blitz II
Colored Red Africa Blitz II
Colored Red Europe Blitz III
Colored Red Africa Blitz III
Recently Updated
Odd Team Out - Big 4 Players
pecheneg
Quick Pick: 20 Twenties
pecheneg
March Madness Men's Triple Doubles
pecheneg
How Do You Spell That?
pecheneg
Godzilla Movies
pecheneg
Grab Bag: 4-10 Letters
pecheneg
2024 March Madness Bracket
pecheneg
Famous TV Couples
Peacemaker
Champions League XIs: Real Madrid
pecheneg
Largest US Cities 1790-2010
pecheneg
Trending Topics
Disney
Harry Potter
Kpop
Crossword
Anime
NBA
Marvel
Soccer
The Office
Pokémon
NFL
Country
WWE
Song
Puzzle
Your Account Isn't Verified!
In order to create a playlist on Sporcle, you need to verify the email address you used during registration. Go to your
Sporcle Settings
to finish the process.
Report this User
Report this user for behavior that violates our
Community Guidelines
.
Details:
Send Report
Go to the Sporcle.com Mobile Site →
Comments